| 000 | 00753nam a2200241 a 4500 | ||
|---|---|---|---|
| 003 | SISC | ||
| 005 | 20170119130500.0 | ||
| 008 | 120906s19uu xx 00 eng d | ||
| 020 | _a9780538746366 | ||
| 050 |
_aHD 31 _b.H893 2011 |
||
| 100 | _aHughes, Robert James. | ||
| 245 |
_aBusiness foundations / _cRobert J. Hughes, William M. Pride, Jack R. Kapoor. |
||
| 260 |
_aAustralia ; Mason, OH : _bSouth-Western Cengage Learning, _c2011. |
||
| 300 |
_a486 pages : _bcolor illustrations ; _c35 cm. |
||
| 500 | _aIncludes glossary and index. | ||
| 650 | _aIndustrial management. | ||
| 650 | _aBusiness enterprises. | ||
| 650 | _aBusiness. | ||
| 700 | _aPride, William M. | ||
| 700 | _aKapoor, Jack R. | ||
| 942 |
_cBK _2lcc _kFOR |
||
| 999 |
_c25445 _d25445 |
||